000 00614nam a2200265Ia 4500
005 20260324152805.0
008 008 260324s9999 xx 000 0 eng d
020 _a9781782420903
037 _aEBOOK
040 _aCRL
040 _beng
040 _cCRL
041 _2eng
041 _aeng
084 _qCRL
100 _aFranco, A A
_91229758
245 0 _aRechargeable Lithium Batteries
260 _bElsevier
260 _c2015
650 _aEnergy
856 _uhttps://www.sciencedirect.com/science/book/9781782420903
942 _cEBOOK
999 _c1840642
_d1840642